|
|
|
|
| LEADER |
01117cam a2200253 a 4500 |
| 001 |
2030890 |
| 003 |
GR-PaULI |
| 005 |
20210519164612.0 |
| 008 |
920311s1992 enkabf f b 001 0 eng d |
| 020 |
|
|
|a 0415121647 (pbk.)
|
| 040 |
|
|
|a DLC
|c DLC
|b gre
|d DLC
|d GR-PaULI
|e AACR2
|
| 082 |
0 |
4 |
|a 796.809 37
|2 23
|
| 100 |
1 |
|
|a Wiedemann, Thomas E. J.
|9 169390
|e συγγραφέας
|
| 245 |
1 |
0 |
|a Emperors and gladiators /
|c Thomas Wiedemann.
|
| 260 |
|
|
|a London ;
|a New York :
|b Routledge,
|c 1992.
|
| 300 |
|
|
|a xvii, 198 σ. :
|b εικ., χάρτες ;
|c 23 εκ.
|
| 504 |
|
|
|a Περιλαμβάνει βιβλιογραφικές αναφορές (σ. 187-189) και ευρετήριο.
|
| 650 |
|
4 |
|a Αθλήματα
|z Ρώμη
|x Ιστορία
|9 169229
|
| 650 |
|
4 |
|a Αθλητισμός και κράτος
|z Ρώμη
|9 169391
|
| 650 |
|
4 |
|a Μονομάχοι
|9 169272
|
| 942 |
|
|
|2 ddc
|c BK15
|
| 952 |
|
|
|0 0
|1 0
|2 ddc
|4 0
|6 796_809000000000000_37_WIE
|7 0
|9 222949
|a LISA
|b LISA
|c BSC
|d 2018-06-08
|i 14042
|l 0
|o 796.809 37 WIE
|p 026000279595
|r 2018-06-08 00:00:00
|t 1
|w 2018-06-08
|y BK15
|
| 998 |
|
|
|c ΜΙΧΟΣΤΑΥΡΟΥ
|d 2018-06
|
| 999 |
|
|
|c 134738
|d 134738
|